000 01407nam a22002777i 4500
999 _c23647
_d23647
003 AR-CdUCM
008 260428b 2021sp d|||| |||| 00| 0 spa d
020 _a978-84-1352-258-6
040 _aMUNICIPALIDAD PROVINCIAL DEL CUSCO
_cBIBLIOTECA MUNICIPAL DEL CUSCO
041 _hspa
082 _a510
_bV66
100 _aVillani, Cédric
_952738
245 _aCómo nace un teorema :
_buna aventura matemática /
260 _aEspaña :
_bLos Libros de la Catarata
_c2021
300 _a238 páginas. :
_c14x22 cm.
505 _aIntroducción a la investigación matemática -- Planteamiento del problema -- Colaboración científica -- Intercambio de correos académicos -- Desarrollo de hipótesis -- Momentos de bloqueo intelectual -- Viajes y conferencias -- Uso de herramientas matemáticas -- Discusión con colegas -- Avances parciales del teorema -- Dificultades técnicas -- Revisión de resultados -- Proceso de validación -- Redacción del artículo científico -- Publicación del teorema
650 _aMatemáticas - Investigación
_952739
650 _aTeoría matemática - Desarrollo
_952740
650 _aInvestigación científica - Metodología
_952741
650 _aMatemáticos - Biografías
_952742
650 _aDivulgación científica
_952743
650 _aCreatividad en la ciencia
_952744
856 _fwww.catarata.org
942 _2ddc
_cLIBROS
945 _aesh
_d28-04-2026